Programming In C A Complete Introduction To The Programming Language (Record no. 24993)

MARC details
000 -LEADER
fixed length control field 00457nam a22001817a 4500
003 - CONTROL NUMBER IDENTIFIER
control field OSt
005 - DATE AND TIME OF LATEST TRANSACTION
control field 20211229134256.0
008 - FIXED-LENGTH DATA ELEMENTS--GENERAL INFORMATION
fixed length control field 211229b |||||||| |||| 00| 0 eng d
020 ## - INTERNATIONAL STANDARD BOOK NUMBER
International Standard Book Number 9788131713518
040 ## - CATALOGING SOURCE
Transcribing agency HU
082 ## - DEWEY DECIMAL CLASSIFICATION NUMBER
Classification number 005.133
100 ## - MAIN ENTRY--PERSONAL NAME
Personal name Kochan G.Stephen
9 (RLIN) 26068
245 ## - TITLE STATEMENT
Title Programming In C A Complete Introduction To The Programming Language
250 ## - EDITION STATEMENT
Edition statement 3rd
260 ## - PUBLICATION, DISTRIBUTION, ETC.
Place of publication, distribution, etc. NewDelhi
Name of publisher, distributor, etc. NewDelhi
300 ## - PHYSICAL DESCRIPTION
Type of unit 543
942 ## - ADDED ENTRY ELEMENTS (KOHA)
Source of classification or shelving scheme Dewey Decimal Classification
Koha item type Books like text book referance book
Suppress in OPAC No
Holdings
Withdrawn status Lost status Source of classification or shelving scheme Damaged status Not for loan Home library Current library Shelving location Date acquired Total Checkouts Full call number Barcode Date last seen Copy number Price effective from Koha item type
    Dewey Decimal Classification     IoT Library IoT Library General Stacks 12/29/2021   005.133/KOC/2005 IOTL0001869 12/29/2021 1 12/29/2021 Books like text book referance book
    Dewey Decimal Classification     IoT Library IoT Library General Stacks 12/29/2021   005.133/KOC/2005 IOTL0001870 12/29/2021 2 12/29/2021 Books like text book referance book
    Dewey Decimal Classification     IoT Library IoT Library General Stacks 12/29/2021   005.133/KOC/2005 IOTL0001871 12/29/2021 3 12/29/2021 Books like text book referance book
    Dewey Decimal Classification     IoT Library IoT Library General Stacks 12/29/2021   005.133/KOC/2005 IOTL0001872 12/29/2021 4 12/29/2021 Books like text book referance book